| 000 | 00657nam a2200217Ii 4500 | ||
|---|---|---|---|
| 003 | JO-AjNU | ||
| 008 | 230605s9999||||xx |||||||||||||| ||und|| | ||
| 017 | _a1993/11254 | ||
| 020 | _a977-02-4319-7 | ||
| 040 |
_aJO-AjNU _bara _erda _cJO-AjNU |
||
| 041 | _aara | ||
| 050 | 1 | 4 | _aJQ1828.A43.A2288.1993 |
| 100 | 3 |
_aالعباسى ، محمد , _eauthor _938214 |
|
| 245 | 0 | 0 | _aالسلطة والحركة الاسلامية فى الجزائر |
| 250 | _a(د،ط) | ||
| 264 | 3 | 1 | _aمصر : دار المعارف ، 1993 |
| 300 | _a288ص | ||
| 336 |
_atext _btxt _2rdacontent |
||
| 337 |
_aunmediated _bn _2rdamedia |
||
| 338 |
_avolume _bnc _2rdacarrier |
||
| 999 |
_aA16036 _c19604 _d19604 |
||